Catálogo público

Zoología de invertebrados (Record no. 33743)

MARC details
000 -CABECERA
campo de control de longitud fija 00930nam a22002777a 4500
003 - IDENTIFICADOR DEL NÚMERO DE CONTROL
campo de control CHAP
005 - FECHA Y HORA DE LA ÚLTIMA TRANSACCIÓN
campo de control 20220329135300.0
008 - DATOS DE LONGITUD FIJA--INFORMACIÓN GENERAL
campo de control de longitud fija 971013s1978 r 00010 d
010 ## - NÚMERO DE CONTROL DE LA BIBLIOTECA DEL CONGRESO
Número de control de LC 33743
011 ## - ENLACE DEL NUMERO DE CONTROL DE LA BIBLIOTECA DEL CONGRESO [OBSOLETO]
Número de control de LC 34715
035 ## - NÚMERO DE CONTROL DEL SISTEMA
Número de control de sistema 38831
040 ## - FUENTE DE LA CATALOGACIÓN
Centro/agencia transcriptor CHAP
082 ## - NÚMERO DE LA CLASIFICACIÓN DECIMAL DEWEY
Número de clasificación 592
Número de documento/Ítem M4Y 1972
100 00 - ENTRADA PRINCIPAL--NOMBRE DE PERSONA
Nombre de persona Meglitsch, Paul A.
9 (RLIN) 74186
245 ## - MENCIÓN DE TÍTULO
Título Zoología de invertebrados
260 ## - PUBLICACIÓN, DISTRIBUCIÓN, ETC.
Lugar de publicación, distribución, etc. Madrid :
Nombre del editor, distribuidor, etc. Blume,
Fecha de publicación, distribución, etc. 1978
300 ## - DESCRIPCIÓN FÍSICA
Extensión 906 p.
Otras características físicas : ilus
500 ## - NOTA GENERAL
Nota general Trad. de la 2 ed. inglesa de 1972
590 ## - NOTA LOCAL (RLIN)
Nota local BATCH-UPD
Procedencia (VM) [OBSOLETO] 10
Condición del los carretes individuales (VM) [OBSOLETO] 20130110
-- UCH01
-- 1631
590 ## - NOTA LOCAL (RLIN)
Nota local CONVERSION
Procedencia (VM) [OBSOLETO] 10
Condición del los carretes individuales (VM) [OBSOLETO] 20130109
-- UCH01
-- 1319
650 14 - PUNTO DE ACCESO ADICIONAL DE MATERIA--TÉRMINO DE MATERIA
Término de materia o nombre geográfico como elemento de entrada Invertebrados.
9 (RLIN) 60203
901 ## - ELEMENTOS DE DATOS A LOCAL LDA (RLIN)
a BK
942 ## - ELEMENTOS DE PUNTO DE ACCESO ADICIONAL (KOHA)
Tipo de ítem Koha Libro
949 ## - PROCESAMIENTO DE INFORMACIÓN LOCAL (OCLC)
a 592 M4Y 1972
b BC
c LIBRO
d 33724000801924
e LIBRO
h 48524
i 38831
m Perdido y sustituŁdo por : Barnes, Robert D. ZoologŁa de los invertebrados 592 B3Y 1987
s i
t 1.49
949 ## - PROCESAMIENTO DE INFORMACIÓN LOCAL (OCLC)
a 592 M4Y 1972
b BC
c LIBRO
d 33724000959953
e LIBRO
f c.2
h 56988
i 38831
s i
t 1.49
Holdings
Estado de retiro Estado de pérdida Fuente del sistema de clasificación o colocación Estado dañado Restricciones de uso No para préstamo Código de colección Localización permanente Ubicación/localización actual Ubicación en estantería Fecha de adquisición Información codificada de la localización en otra ubicación Total de préstamos Signatura topográfica completa Código de barras Fecha visto por última vez Precio válido a partir de Tipo de ítem Koha Fecha del último préstamo Número de copia
    Dewey Decimal Classification   Préstamo 15 días   General Biblioteca Central Biblioteca Central Planta alta - Colección General 31/12/2019 LIBRO   592 M4Y 1972 33724000801924 31/12/2019 31/12/2019 Libro    
    Dewey Decimal Classification   Préstamo 15 días   General Biblioteca Central Biblioteca Central Planta alta - Colección General 31/12/2019 LIBRO 2 592 M4Y 1972 33724002559446 22/11/2023 31/12/2019 Libro 07/11/2023 c.2